| 000 | 00791cam a22002293a 4500 | ||
|---|---|---|---|
| 001 | 15220 | ||
| 003 | PGUSA | ||
| 005 | 20140828083327.0 | ||
| 008 | 050301s2005||||xxu|||||s|||||000 | eng d | ||
| 040 |
_aPGUSA _beng |
||
| 042 | _adc | ||
| 050 | 4 | _aJK | |
| 100 | 1 |
_aHarper, Ida Husted, _d1851-1931 |
|
| 245 | 1 | 4 |
_aThe Life and Work of Susan B. Anthony (Volume 1 of 2) : _bIncluding Public Addresses, Her Own Letters and Many From Her Contemporaries During Fifty Years _h[electronic resource] / _cIda Husted Harper |
| 260 |
_bProject Gutenberg, _c2005 |
||
| 506 | _aPublic domain in the USA. | ||
| 516 | _aElectronic text | ||
| 653 | _aAnthony, Susan B. (Susan Brownell), 1820-1906 | ||
| 830 | 0 |
_aProject Gutenberg _v15220 |
|
| 856 | 4 | 0 | _uhttp://www.gutenberg.org/ebooks/15220 |
| 942 | _cEB | ||
| 999 |
_c244475 _d244475 |
||